000 00584nam a2200241 a 4500
001 nice12345678
003 IN_TiNIC
005 20260116012158.0
008 050524s1918 teha grp 000 0 per
020 _a
_c100
082 0 0 _a891.51
_bSAF
100 _aSafa, Zabihullah
245 _aTareekh Tawahhul-E-Nazm-O-Nasr Parsi
260 _aTehran
_bTehran University
_c1918
300 _a95p
500 _aincludes index and biblioraphy
505 2 _aTurkish
650 _aPersian Poetry
700 1 _aSafa, Zabihullah
902 _bSRS
942 _cBK
999 _c5961
_d5961